000 00625cab a2200229 4500
001 X320
008 090401t1992 xxu||||| |||| 00| 0 eng d
035 _a(Sirsi) u65090
041 _aeng
100 _aKuramoto, S.
245 _aElectronic charts and the Japanese Maritime Safety Agency
260 _c1992
350 _a0
490 _aGeodetical Info Magazine
_v6(11) November 1992, 50-52(3)
650 _aECS
650 _aELECTRONIC CHART SYSTEMS
650 _aNAVIGATION AIDS
690 _aMANAGEMENT-BUSINESS MANAGEMENT-INFORMATION MANAGEMENT
700 _aGaneko, Y.
942 _n0
948 _c04/03/1997
999 _c40570
_d40570